Arte Barocca
Gespeichert in:
| 1. Verfasser: | |
|---|---|
| Format: | Buch |
| Sprache: | Italienisch |
| Veröffentlicht: |
Florencia
Vallecchi Editore
1953
|
| Schlagworte: | |
| Tags: |
Tag hinzufügen
Keine Tags, Fügen Sie den ersten Tag hinzu!
|
MARC
| LEADER | 00000nam a2200000 a 4500 | ||
|---|---|---|---|
| 001 | UCZ7916 | ||
| 003 | CL-VaPUC | ||
| 008 | 960112e19530000IT |||||||||||||||||ita|d | ||
| 082 | 0 | 4 | |a 709.032 |b MAR |2 21 |
| 100 | |a Marangoni, Matteo |e autor |9 483685 | ||
| 245 | 1 | 0 | |a Arte Barocca |
| 300 | |a 266 p | ||
| 942 | |c BK | ||
| 945 | |d 19960112 00:00:00 |a mcarcey | ||
| 260 | |a Florencia |b Vallecchi Editore |c 1953 | ||
| 650 | 0 | |a Arte barroco |9 265546 | |
| 650 | 0 | |a Arte italiano |9 265547 | |
| 650 | 0 | |a Pintura italiana |9 265293 | |
| 650 | 0 | |a Pintores italianos |9 265277 | |
| 651 | 0 | |a Italia |9 254949 | |
| 583 | |a last modification |c 19960112 00:00:00 |k Rodrigo Vera | ||
| 999 | |c 243894 |d 243892 | ||
| 952 | |0 0 |1 0 |4 0 |6 709_032000000000000_MAR_1953 |7 0 |8 A |9 257758 |a BIBART |b BIBART |d 2019-11-19 |i 3146472 |o 709.032 MAR 1953 |p 3146472 |r 2025-03-13 |w 2019-11-19 |y BK |k ART | ||